Sborník Ministerstva školstva a národnej osvety I. 1941-1942

Bibliographic Details
Corporate Author: Slovensko. Ministerstvo školstva a národnej osvety. Redakčná komisia (Compiler)
Format: Book
Language:Slovak
PhysicalDescription:535 s. 8°
Published: Bratislava Štátne nakladateľstvo 1942
Subjects:

MARC

LEADER 00000cam a2200000 a 4500
001 vtls008395446
003 SK-MaSNL
005 20260425232337.0
008 200507s1942 xo 001 0 slo
015 |a SNBA19421945-103/2447 
035 |a SK01SNKBKSD220020087663 
035 |a urn:nbn:sk:snk-am3i7q2 
035 |a 46316104-49FB-4437-A291-DFDBEE6E7969 
035 |a urn:nbn:sk:snk-am00dw8c 
035 |a SKM000090126 
040 |a SNK  |b slo  |c SNK  |e AACR2 
041 0 |a slo 
044 |a xo  |c SK 
080 |a 354  |2 1981 
080 |a 37  |2 1981 
245 0 0 |a Sborník Ministerstva školstva a národnej osvety  |n I.  |p 1941-1942  |c sostavila Redakčná komisia Ministerstva školstva a národnej osvety 
260 |a Bratislava  |b Štátne nakladateľstvo  |c 1942  |e Turčiansky Sv. Martin  |f Kníhtlačiarsky účastinársky spolok 
300 |a 535 s.  |c 8° 
504 |a Menný register 
648 7 |a 1941-1942  |2 SNKPH  |9 280915 
650 0 7 |a školstvo  |2 SNKPH  |9 19712 
650 0 7 |a osveta  |2 SNKPH  |9 16992 
651 7 |a Slovensko  |2 SNKPHgeo  |9 14231 
655 7 |a zborníky  |2 SNKPH  |9 70165 
710 1 |a Slovensko.  |b Ministerstvo školstva a národnej osvety.  |b Redakčná komisia  |4 com  |9 470718 
958 |a ONDV 
958 |a RK 
958 |a TL 
958 |a ZB 
999 |c 736740  |d 738670 
952 |a SNK  |b SNK  |y VYP  |7 0  |p 17A0654130  |o snkSD 4678/1 D1  |i snkKSF 2716/56  |8 5  |3 rekatalogizácia  |0 0  |1 0  |4 0  |d 2007-05-21  |l 0  |r 2026-02-23 22:46:58  |w 2026-02-23 
952 |a SNK  |b SNK  |y PREZ  |7 0  |p 17A0235862  |o snkSD 4678/1  |i snk1440/42  |0 0  |1 0  |4 0  |d 2018-05-29  |f 1  |l 0  |r 2025-11-11 00:00:00  |w 2026-02-23